Answers Start With B - Statistics

General Stats
  • This quiz has been taken 134 times
  • The average score is 16 of 20
Answer Stats
Hint Answer % Correct
Number with nine zeros Billion
98%
This sport consists of free throws, pointguards, dribbling, etc. Basketball
97%
Grizzly, Polar, Brown, etc. Bear
97%
Largest South American country Brazil
97%
Sandy area, usually along the ocean Beach
96%
French hello Bonjour
94%
This animal supposedly hates the color red Bull
94%
Dark color associated with nighttime Black
92%
Dam building animal Beaver
89%
Three letter car brand BMW
89%
Bee sound Buzz
89%
Capital of Massachusetts Boston
85%
Sport that is played by innings Baseball
84%
Capital of the above Brasilia
80%
It's now Myanmar Burma
70%
NFL team ______ Ravens Baltimore
58%
"The ____ stops here." - Harry Truman Buck
51%
Cincinatti NFL team Bengals
50%
CBS reality show where contestants compete for Head of Household, the Power of Veto, etc. Big Brother
42%
Morgan Wallen song "98 ______" (Hint: baseball team) Braves
22%
No matching quizzes found
Score Distribution
Percent of People with Each Score
Percentile by Number Answered
Your Score History
You have not taken this quiz